000 00674nam a2200205 i 4500
001 133424
003 ES-MaACL
005 20230906194412.0
007 t|
008 070214s1980 sp r ||||1| spa d
100 1 _aRuis Torres, F.
_9100584
245 1 0 _aDiccionario de términos médicos inglés-español, español-inglés /
_cF. Ruis Torres.
250 _a4ª ed. rev.
260 _aMadrid :
_bAlhambra,
_c1980.
300 _aXI, 593 p. ;
_c24 cm.
650 0 4 _aMedicina-
_vDiccionarios.
_914897
650 0 4 _aLengua española-
_vDiccionarios-
_xInglés.
_914142
650 0 4 _aLengua inglesa-
_vDiccionarios-
_xEspañol.
_914270
852 _aES-MaACL
_jC-34344
_bR.100084
999 _c133424
_d133424